000 00859nam a22002057a 4500
005 20180908142040.0
008 080625t xxu||||| |||| 00| 0 hin d
010 _aHIN-46116
020 _c150.00
035 _aHN-27381, A-986251
037 _bDBAD
040 _adpl
_bHN
082 _aउ / बंद्योपा
100 _aबंद्योपाध्याय, विभूतिभूषण
245 _aबन्धन /
_cविभूतिभूषण बंद्योपाध्याय, प्रियदर्शी प्रकाश द्वारा अनुदित
260 _aदिल्ली
_bसाहित्य प्रचारक
_c1999
300 _a156पृ
_c23सेमी.
700 _aप्रियदर्शी प्रकाश
942 _cHN
_2ddc
_h
_mबंद्योपा
999 _c13976
_d13976